Pengantar hidrologi
| Main Author: | |
|---|---|
| Format: | Book |
| Published: |
Kuala Lumpur :
Dewan Bahasa dan Pustaka ,
1994
|
| Subjects: |
MARC
| LEADER | 00000cam a2200000 7i4500 | ||
|---|---|---|---|
| 001 | 0000000002 | ||
| 005 | 20000622.0 | ||
| 020 | 0 | 0 | |a 9836244344 |
| 090 | 0 | 0 | |a 551.48 |b WAN 1994 |
| 100 | 0 | 0 | |a WAN Ruslan Ismail |
| 245 | 1 | 0 | |a Pengantar hidrologi |c Wan Ruslan Ismail |
| 260 | 0 | 0 | |a Kuala Lumpur : |b Dewan Bahasa dan Pustaka , |c 1994 |
| 300 | |a x, 159 p. : |b ill. ; |c 24 cm. | ||
| 500 | 0 | 0 | |a Includes bibliography and index |
| 650 | 0 | 0 | |a Hydrology |
| 999 | |a 0000001076 |b Monograph |c Open Shelf |e Default branch | ||